アメダス地域気象観測所一覧(五県版) - Statistics

General Stats
  • This quiz has been taken 4 times
  • The average score is 57 of 100
Answer Stats
都道府県 観測所名 % Correct
兵庫県 | 愛知県 一宮
100%
愛知県 名古屋
100%
愛知県 豊田
100%
愛知県 岡崎
100%
愛知県 蒲郡
100%
愛知県 豊橋
100%
京都府 舞鶴
100%
京都府 福知山
100%
京都府 京都
100%
京都府 長岡京
100%
京都府 京田辺
100%
大阪府 能勢
100%
大阪府 枚方
100%
大阪府 豊中
100%
大阪府 大阪
100%
大阪府
100%
大阪府 八尾
100%
大阪府 河内長野
100%
兵庫県 豊岡
100%
兵庫県 西脇
100%
兵庫県 姫路
100%
兵庫県 三木
100%
兵庫県 西宮
100%
兵庫県 明石
100%
兵庫県 神戸
100%
兵庫県 洲本
100%
岡山県 津山
100%
岡山県 岡山
100%
岡山県 倉敷
100%
岡山県 笠岡
100%
愛知県 大府
75%
愛知県 新城
75%
愛知県 一色
75%
愛知県 田原
75%
京都府 宮津
75%
京都府 園部
75%
大阪府 茨木
75%
兵庫県 香住
75%
兵庫県 八鹿
75%
兵庫県 和田山
75%
兵庫県 佐用
75%
兵庫県 福崎
75%
兵庫県 上郡
75%
兵庫県 三田
75%
岡山県 新見
75%
岡山県 高梁
75%
岡山県 玉野
75%
愛知県 愛西
50%
愛知県 稲武
50%
愛知県 茶臼山
50%
愛知県 蟹江
50%
愛知県 セントレア
50%
愛知県 南知多
50%
愛知県 伊良湖
50%
京都府 美山
50%
京都府 京北
50%
大阪府 大阪
50%
兵庫県 温泉
50%
兵庫県 生野
50%
兵庫県 柏原
50%
兵庫県 家島
50%
兵庫県 神戸空港
50%
岡山県 奈義
50%
岡山県 久世
50%
岡山県 赤磐
50%
岡山県 福渡
50%
愛知県 小原
25%
愛知県 作手
25%
京都府 間人
25%
京都府 峰山
25%
大阪府 関空島
25%
大阪府 熊取
25%
兵庫県 大屋
25%
兵庫県 南淡
25%
岡山県 千屋
25%
岡山県
25%
岡山県 吉備中央
25%
岡山県 和気
25%
岡山県 矢掛
25%
愛知県 阿蔵
0%
京都府 坂浦
0%
京都府 睦寄
0%
京都府 三和
0%
京都府 綾部山家
0%
京都府 本庄
0%
京都府 須知
0%
大阪府 生駒山
0%
兵庫県 兎和野高原
0%
兵庫県 後川
0%
兵庫県 郡家
0%
岡山県 上長田
0%
岡山県 恩原
0%
岡山県 今岡
0%
岡山県 下呰部
0%
岡山県 旭西
0%
岡山県 陣山
0%
岡山県 日応寺
0%
岡山県 佐屋
0%
岡山県 虫明
0%
No matching quizzes found
Score Distribution
Percent of People with Each Score
Percentile by Number Answered
Your Score History
You have not taken this quiz